[Event "FRA-chT2 0910"]
[Site "France"]
[Date "2010.01.24"]
[Round "7.3"]
[White "Broca, Alexandre"]
[Black "Cursoux, Laurent"]
[Result "0-1"]
[WhiteElo "2141"]
[BlackElo "2251"]
[PlyCount "42"]
[EventDate "2009.09.27"]
[EventType "team-tourn"]
[EventRounds "11"]
[EventCountry "FRA"]
[SourceTitle "EXT 2011"]
[Source "ChessBase"]
[SourceDate "2010.11.26"]
[SourceVersion "1"]
[SourceVersionDate "2010.11.26"]
[SourceQuality "1"]

1. e4 c5 2. Nf3 d6 3. d4 cxd4 4. Qxd4 Nc6 5. Bb5 Bd7 6. Bxc6 Bxc6 7. Nc3 Nf6 8. Bg5 e6 9. 0-0-0 Be7 10. Qd3 0-0 11. Nd4 Rc8 12. h4 Qa5 13. f4 h6 14. Rd2 b5 15. a3 b4 16. axb4 Qa1+ 17. Nb1 Bxe4 18. Qg3 Kh8 19. Re2 d5 20. Nb5 Qa4 21. Qe3 Bc5 0-1

[Event "FRA-chT"]
[Site "France"]
[Date "1999.??.??"]
[Round "6"]
[White "Cursoux, Laurent"]
[Black "Fontaine, Robert"]
[Result "0-1"]
[WhiteElo "2230"]
[BlackElo "2369"]
[PlyCount "100"]
[EventDate "1999.02.??"]
[EventType "team-tourn"]
[EventRounds "11"]
[EventCountry "FRA"]
[SourceTitle "EXT 2000"]
[Source "ChessBase"]
[SourceDate "1999.11.16"]
[SourceVersion "1"]
[SourceVersionDate "1999.11.16"]
[SourceQuality "1"]

1. e4 c6 2. d4 d5 3. f3 e6 4. Bd3 dxe4 5. Bc4 Bd6 6. Be3 Nd7 7. Bb3 Ngf6 8. fxe4 Nxe4 9. Nf3 Ndf6 10. Nbd2 Nxd2 11. Qxd2 Qc7 12. 0-0-0 Nd5 13. Kb1 b5 14. Rdf1 a5 15. Ng5 f6 16. Bxd5 cxd5 17. Nh3 0-0 18. g4 Qc6 19. Nf2 e5 20. Nd3 Bxg4 21. Rhg1 Bh5 22. Qg2 Bg6 23. h4 e4 24. Nf4 Bxf4 25. Rxf4 Ra7 26. h5 Bxh5 27. Rh4 Bg6 28. Qh2 Rc8 29. Rh1 Kf7 30. Rf1 b4 31. Rf2 Kg8 32. Qh3 Qd7 33. Qh1 a4 34. Rfh2 b3 35. Rxh7 Bxh7 36. Rxh7 bxc2+ 37. Kc1 a3 38. b3 Qg4 39. Rh8+ Kf7 40. Rxc8 Qxc8 41. Qh5+ Kg8 42. Qxd5+ Rf7 43. Qxe4 f5 44. Qd3 f4 45. Bf2 Qf5 46. Qxf5 Rxf5 47. Kxc2 g5 48. Kd3 g4 49. Bh4 g3 50. Ke2 Rh5 0-1

[Event "FRA-chT"]
[Site "France"]
[Date "1998.04.02"]
[Round "4"]
[White "Delemarre, Isabel"]
[Black "Cursoux, Laurent"]
[Result "0-1"]
[WhiteElo "2215"]
[BlackElo "2190"]
[PlyCount "98"]
[EventDate "1998.02.06"]
[EventType "team-tourn"]
[EventRounds "11"]
[EventCountry "FRA"]
[SourceTitle "CBM 064 Extra"]
[Source "ChessBase"]
[SourceDate "1998.07.07"]
[SourceVersion "1"]
[SourceVersionDate "1998.07.07"]
[SourceQuality "1"]

1. e4 c5 2. c3 d5 3. exd5 Qxd5 4. d4 Nc6 5. Nf3 cxd4 6. cxd4 e5 7. Nc3 Bb4 8. Bd2 Bxc3 9. Bxc3 e4 10. Ne5 Nxe5 11. dxe5 Ne7 12. Qa4+ Bd7 13. Qa3 Qe6 14. Rd1 0-0 15. Qd6 Qxd6 16. exd6 Nf5 17. Be2 Rfd8 18. g4 Nh4 19. 0-0 Ng6 20. f4 f5 21. h3 Rac8 22. Kh2 Rc6 23. Kg3 Be6 24. gxf5 Bxf5 25. Be5 Rc5 26. Rc1 Rdc8 27. Rxc5 Rxc5 28. Bc3 Nf8 29. Rd1 Nd7 30. Rd4 b6 31. Bg4 g6 32. Be2 Kf8 33. Ra4 a5 34. Rd4 Ke8 35. a4 Nf6 36. Rd2 e3 37. Rd4 Ne4+ 38. Kf3 Nxc3 39. bxc3 Rxc3 40. h4 h5 41. Bd1 Bg4+ 42. Kg2 Bxd1 43. Rxd1 e2 44. Re1 Re3 45. Kf2 Re6 46. Rxe2 Rxe2+ 47. Kxe2 Kd7 48. Kd3 Kxd6 49. Kd4 Kc6 0-1

[Event "FRA-chT"]
[Site "France"]
[Date "1996.??.??"]
[Round "?"]
[White "Cursoux, Laurent"]
[Black "Vincent, Patrick"]
[Result "1-0"]
[WhiteElo "2100"]
[BlackElo "2225"]
[PlyCount "63"]
[EventDate "1996.??.??"]
[EventType "team-tourn"]
[EventRounds "11"]
[EventCountry "FRA"]
[SourceTitle "CBM 055 Extra"]
[Source "ChessBase"]
[SourceDate "1997.01.01"]
[SourceVersion "1"]
[SourceVersionDate "1997.01.01"]
[SourceQuality "1"]

1. e4 c5 2. c3 d5 3. exd5 Qxd5 4. d4 Nf6 5. Nf3 e6 6. Be2 Nc6 7. 0-0 Be7 8. Be3 Ng4 9. c4 Qh5 10. Bf4 0-0 11. Bg3 Qh6 12. Nc3 Rd8 13. d5 Nf6 14. Qb3 exd5 15. Nxd5 Nxd5 16. cxd5 Na5 17. Qa4 b6 18. Ne5 Bd6 19. Bf3 Qf6 20. Rfe1 Bf5 21. Nc6 Bd7 22. Qc2 Bxc6 23. dxc6 Bxg3 24. hxg3 Nxc6 25. Qa4 b5 26. Qa6 Rac8 27. Bxc6 Rxc6 28. Qxa7 Qxb2 29. Rab1 Qd2 30. Qe7 Rf8 31. Rxb5 Rf6 32. Qxf8+ 1-0